000 00870nam a2200265 4500
001 4995
003 UkOxU
005 20211208234006.0
008 131224s1953 nyua 000 0 eng
035 _a(DLC) 50012823
040 _aBD-RjUL
_beng
_cBD-RjUL
041 _aeng
082 _219
_a339.220973
_bKUS 1953
100 1 _aKuznets, Simon,
_d1901-1985.
_98953
245 1 0 _aShares of upper income groups in income and savings /
_cSimon Smith Kuznets.
260 0 _a[New York] :
_bNational Bureau of Economic Research,
_c1953
300 _a725 p. :
_bill. ;
_c23 cm.
490 1 _aOccasional paper / National Bureau of Economic Research ;
_v35
650 0 _aIncome
_zUnited States.
_915718
830 0 _v35
_915719
830 0 _aOccasional paper (National Bureau of Economic Research) ;
_910538
942 _2ddc
_cBK
999 _c4995
_d4995